The 8085 Microprocessor Architecture, Programming and Interfacing (Record no. 5748)

MARC details
000 -LEADER
fixed length control field 00371nam a2200133Ia 4500
008 - FIXED-LENGTH DATA ELEMENTS--GENERAL INFORMATION
fixed length control field 191201s2013 xx 000 0 und d
082 ## - DEWEY DECIMAL CLASSIFICATION NUMBER
Classification number 004.16
Item number RAM
100 ## - MAIN ENTRY--PERSONAL NAME
Personal name GAONKAR, Ramesh
245 #0 - TITLE STATEMENT
Title The 8085 Microprocessor Architecture, Programming and Interfacing
260 ## - PUBLICATION, DISTRIBUTION, ETC. (IMPRINT)
Place of publication, distribution, etc N.Delhi
Name of publisher, distributor, etc Penram Interne pubg
Date of publication, distribution, etc 2013
300 ## - PHYSICAL DESCRIPTION
Extent 820
650 ## - SUBJECT ADDED ENTRY--TOPICAL TERM
Topical term or geographic name as entry element B.Tech(CSE)
942 ## - ADDED ENTRY ELEMENTS (KOHA)
Source of classification or shelving scheme Dewey Decimal Classification
Koha item type Text Books
Holdings
Withdrawn status Lost status Source of classification or shelving scheme Damaged status Not for loan Collection code Home library Current library Date acquired Source of acquisition Cost, normal purchase price Bill Number Total Checkouts Full call number Acc. no. / Barcode Date last seen Date last borrowed Bill Date Koha item type Public note
    Dewey Decimal Classification     B.Tech(CSE) PIET C-LIBRARY PIET C-LIBRARY 31/05/2013 IBH, New Delhi 360.00 2080 1 004.16 GAM 22589 25/08/2021 15/06/2021 27/05/2013 Text Books  
    Dewey Decimal Classification     B.Tech(CSE) PIET C-LIBRARY PIET C-LIBRARY 31/05/2013 IBH, New Delhi 360.00 2080 1 004.16 GAM 22590 02/05/2025 24/06/2024 27/05/2013 Text Books  
    Dewey Decimal Classification     B.Tech(CSE) PIET C-LIBRARY PIET C-LIBRARY 31/05/2013 IBH, New Delhi 360.00 2080 1 004.16 GAM 22591 13/03/2025 21/01/2022 27/05/2013 Text Books .
    Dewey Decimal Classification     B.Tech(CSE) PIET C-LIBRARY PIET C-LIBRARY 31/05/2013 IBH, New Delhi 360.00 2080   004.16 GAM 22592 04/12/2019   27/05/2013 Text Books  
    Dewey Decimal Classification     B.Tech(CSE) PIET C-LIBRARY PIET C-LIBRARY 31/05/2013 IBH, New Delhi 360.00 2080   004.16 GAM 22593 04/12/2019   27/05/2013 Text Books  

Design & Developed by: PIET Central Library
R70 Miles Stone Pattikalyana Samalkha Panipat 132102
mail ID :- [email protected], Phone No:- 0180-2569700 Ex.216